Podmínky pro bankovní licenci Vstup do bankovního odvětví
Základná regulácia bánk - kritériá autorizácie - dve oblasti: 1. regulácia vstupu do bankového odvetvia a 2. základné podmienky pre prevádzanie operácií ("prevádzkové požiadavky"). Podmienky pre pridelenie bankovej licencie. Oprávnenosť bariér vstupu do bankového odvetvia. Výška bariér vstupu v ČR.
Gespeichert in:
| 1. Verfasser: | |
|---|---|
| Format: | Buchkapitel |
| Sprache: | Tschechisch |
| Schlagworte: | |
| Tags: |
Keine Tags, Fügen Sie das erste Tag hinzu!
|
MARC
| LEADER | 00000naa a2200000 4500 | ||
|---|---|---|---|
| 001 | r015384 | ||
| 005 | 20221213082012.1 | ||
| 041 | 0 | |a cze | |
| 044 | |a CZ | ||
| 245 | 1 | 0 | |a Podmínky pro bankovní licenci |b Vstup do bankovního odvětví |c Zbyněk Revenda |
| 520 | |a Základná regulácia bánk - kritériá autorizácie - dve oblasti: 1. regulácia vstupu do bankového odvetvia a 2. základné podmienky pre prevádzanie operácií ("prevádzkové požiadavky"). Podmienky pre pridelenie bankovej licencie. Oprávnenosť bariér vstupu do bankového odvetvia. Výška bariér vstupu v ČR. | ||
| 610 | 2 | 0 | |a banky |
| 610 | 2 | 0 | |a bankovníctvo |
| 610 | 2 | 0 | |a licencie |
| 610 | 2 | 0 | |a Česko |
| 100 | 1 | |a Revenda, Zbyněk | |